Statistics for Most valuable soccer players by country

Click here to take the quiz!

General Stats

  • This quiz has been taken 617 times
  • The average score is 16 of 30

Answer Stats

Market value (mln €)CountryPlayer% Correct
110PortugalCristiano Ronaldo
100%
120ArgentinaLionel Messi
100%
100BrazilNeymar
99%
90UruguayLuis Suarez
98%
80WalesGareth Bale
96%
80ColombiaJames Rodriguez
88%
70PolandRobert Lewandowski
87%
70BelgiumEden Hazard
83%
55ChileAlexis Sanchez
77%
75GermanyThomas Muller
76%
50CroatiaLuka Modric
73%
45AustriaDavid Alaba
63%
45GabonPierre-Emerick Aubameyang
63%
60FranceAntoine Griezmann
56%
29DenmarkChristian Eriksen
50%
25South KoreaHeung-Min Son
49%
50EnglandRaheem Sterling
45%
35Bosnia and HerzegovinaMiralem Pjanic
44%
35SlovakiaMarek Hamsik
35%
35TurkeyArda Turan
32%
28ArmeniaHenrikh Mkhitaryan
31%
25SloveniaJan Oblak
27%
25NetherlandsMemphis Depay
24%
40ItalyMarco Verratti
21%
38SerbiaNemanja Matic
17%
25UkraineAndriy Yarmolenko
13%
50SpainKoke
13%
22AlgeriaYacine Brahimi
9%
28SwitzerlandRicardo Rodriguez
8%
23Ivory CoastWilfried Bony
4%

Score Distribution

Percentile by Number Answered

Percent of People with Each Score

Your Score History

You have not taken this quiz